| 000 | 00426nam a2200193Ia 4500 | ||
|---|---|---|---|
| 008 | 210210b1837 xxu||||| |||| 00| 0 eng d | ||
| 041 | _aeng | ||
| 082 | _a822/242 | ||
| 100 | _aCARLYLE (Thomas) | ||
| 245 | _aFrench revolution Vol II | ||
| 260 |
_aLondon _bCollins _c1837 |
||
| 440 | _aII | ||
| 650 | _aVol | ||
| 650 | _arevolution | ||
| 650 | _aII | ||
| 650 | _aFrench | ||
| 690 | _aEnglish Prose | ||
| 906 | _a012429 | ||
| 999 |
_c131230 _d131230 |
||